Golf course appraisal (Record no. 69725)
[ view plain ]
| 000 -LEADER | |
|---|---|
| fixed length control field | 00871cam a2200217 4500 |
| 001 - CONTROL NUMBER | |
| control field | ABS65177 |
| 008 - FIXED-LENGTH DATA ELEMENTS--GENERAL INFORMATION | |
| fixed length control field | 020307n2001 000 0 eng u |
| 035 ## - SYSTEM CONTROL NUMBER | |
| System control number | (Sirsi) u117036 |
| 100 ## - MAIN ENTRY--PERSONAL NAME | |
| Personal name | Hughes, S. |
| 245 ## - TITLE STATEMENT | |
| Title | Golf course appraisal |
| 260 ## - PUBLICATION, DISTRIBUTION, ETC. | |
| Date of publication, distribution, etc. | 2001 |
| 490 ## - SERIES STATEMENT | |
| Series statement | Canadian Appraiser |
| Volume/sequential designation | 45(4) Winter 2001, 35-37(3) |
| 520 ## - SUMMARY, ETC. | |
| Summary, etc. | Looks at appraising the value of golf courses, with regard to real estate, furniture and equipment, and business value. Points out that experienced golf course appraisers consult the superintendent of the course for advice, and think in terms of payback and added value from new equipment or renovation, that can lower water and labour costs. |
| 590 ## - LOCAL NOTE (RLIN) | |
| Local note | ABS |
| 650 ## - SUBJECT ADDED ENTRY--TOPICAL TERM | |
| Topical term or geographic name entry element | CANADA |
| 650 ## - SUBJECT ADDED ENTRY--TOPICAL TERM | |
| Topical term or geographic name entry element | APPRAISALS |
| 650 ## - SUBJECT ADDED ENTRY--TOPICAL TERM | |
| Topical term or geographic name entry element | GOLF COURSES |
| 650 ## - SUBJECT ADDED ENTRY--TOPICAL TERM | |
| Topical term or geographic name entry element | RURAL AREAS |
| 690 ## - LOCAL SUBJECT ADDED ENTRY--TOPICAL TERM (OCLC, RLIN) | |
| Topical term or geographic name as entry element | PROPERTY MANAGEMENT-COMMERCIAL PROPERTY |
| 942 ## - ADDED ENTRY ELEMENTS (KOHA) | |
| Suppress in OPAC | 0 |
| Withdrawn status | Lost status | Source of classification or shelving scheme | Damaged status | Not for loan | Home library | Current library | Shelving location | Date acquired | Total Checkouts | Full call number | Barcode | Date last seen | Copy number | Price effective from | Koha item type |
|---|---|---|---|---|---|---|---|---|---|---|---|---|---|---|---|
| Dewey Decimal Classification | London | London | Journal article | 07/03/2002 | ABS65177 | 117036-1001 | 06/08/2019 | 1 | 06/08/2019 | Journal article |